Normal view
MARC view
Entry Topical Term
001 - CONTROL NUMBER
- control field: 5105
003 - CONTROL NUMBER IDENTIFIER
- control field: OSt
005 - DATE AND TIME OF LATEST TRANSACTION
- control field: 20150601141845.0
008 - FIXED-LENGTH DATA ELEMENTS
- fixed length control field: 150601|| aca||aabn | a|a d
040 ## - CATALOGING SOURCE
- Original cataloging agency: OSt
- Transcribing agency: OSt
150 ## - HEADING--TOPICAL TERM
- Topical term or geographic name entry element: African Entrepreneur
670 ## - SOURCE DATA FOUND
- Source citation: Work cat.: (OSt): Wavamunno Gordon B. K 5104, The story of an African Entrepreneur /, 2000.
